Utah State University Quiz - Statistics

General Stats
  • This quiz has been taken 18 times
  • The average score is 11 of 20
Answer Stats
Hint Answer % Correct
What is USU's mascot? Big Blue
93%
What city is USU located in? Logan, Utah
93%
Cool off by boating at what lake 45 minutes north? Bear Lake
80%
What year was USU founded? 1888
73%
USU's sports teams compete in what NCAA conference? Mountain West
73%
Go to a USU sporting event, and you'll inevitably sing what tune? The Scotsman
67%
USU's School of Business is named after whom? Jon M. Huntsman
60%
What Halloween party is one of USU's biggest, attracting statewide visitors? The Howl
60%
What open grass field is the site of yearlong events? The Quad
60%
USU has 30 statewide campuses, but only 3 have housing. Logan is one, what are the other two? Blanding | Eastern (Price)
53%
Become a true Aggie by doing what on top of the block A? Kissing
53%
Become a "Dam Aggie" by swimming at First, Second, and Third Dams on what river? Logan River
53%
What iconic building was the first constructed and today houses the College of Humanities and Social Sciences? Old Main
53%
You might catch a workout at one of USU's gyms, which are? The Aggie Recreation Center (ARC) | The Nelson Fieldhouse | The Health, Physical Education, and Recreation Building (HPER)
47%
Name any one of the dorms at Central Campus. Central Suites | Mountain View Tower | Richards Hall | Bullen Hall | Aggie Village | Canyon Crest Suites
33%
Students who take Connections (USU1010) will light plastic lamps at what ceremony? Luminary
33%
You could grab a bite to eat at one of USU's dining halls, which are? The Marketplace | The Junction
33%
Students might sleep on a coach in the international lounge in what building? The Taggart Student Center (TSC)
33%
What college has their own, smaller version of the field above? College of Engineering
27%
The Emma Eccles College of Education hosts a K-6 elementary school by Richards Hall, named what? The Edith Bowen Laboratory School
20%
No matching quizzes found
Score Distribution
Percent of People with Each Score
Percentile by Number Answered
Your Score History
You have not taken this quiz